2 lettres dont un A - Statistiques

Statistiques générales
  • Ce quiz a été pris 37 fois
  • Le résultat moyen est 17 sur 34
Statistiques - réponses
Indice Réponse % Correct
Un rire mais très court HA
89%
À le AU
86%
À toi TA
78%
À elle ou à lui SA
75%
Oui pour Vladimir DA
72%
Moins bien que très bien AB
69%
Meilleure carte AS
69%
Oust VA
69%
Pour désigner CA
67%
Elles vont nous remplacer IA
67%
Zone d’activité ZA
67%
Accompagnement personnalisé AP
64%
Surprise AH
61%
Matin anglais AM
61%
As F*ck AF
56%
Avant jésus christ AV
56%
Action pour un scout BA
53%
Dieu RA
47%
Rivière du nord AA
44%
Un peu moins haut de gamme FA
44%
Haut de gamme LA
44%
Fois 2 ça fait une meuf NA
44%
Auxiliaire AI
42%
Oui pour Adolf JA
42%
Fusil d'assaut mitrailleur AK
39%
Studio de jeux vidéo pas ouf (genre fifa) EA
36%
Presque Acquis PA
36%
Mille Ampères KA
33%
"Aère" AR
31%
Avant man MA
22%
Réunion importante AG
19%
En avoir un c’est pas beaucoup AN
19%
Amazon le vend AZ
11%
Distance spatiale UA
6%
Aucun quiz correspondant
Distribution des résultats
% des personnes avec chaque résultat
Percentile par nombre de réponses
Votre historique - résultats
Vous n’avez pas pris ce quiz